| 000 | 00585nam a2200181Ia 4500 | ||
|---|---|---|---|
| 003 | GCL | ||
| 008 | 140319s9999 xx 000 0 ara d | ||
| 040 |
_aGCL / _cGCL |
||
| 082 | 0 | 4 |
_aد _b050 |
| 245 | 1 | 0 | _aالادب اليوغسلافى المعاصر (عالم المعرفة 81 ) |
| 260 |
_a[S.N] : _bالمجلس الوطنى للثقافة والفنون والاداب ، _c1985 |
||
| 300 | _a352 ص | ||
| 490 |
_aكتاب المواهب _v0 |
||
| 650 | 0 | 4 | _aيوغسلافيا |
| 650 | 0 | 4 | _aالادب اليوغسلافى |
| 650 | 0 | 4 | _aتاريخ ونقد |
| 942 |
_2ddc _cCF |
||
| 999 |
_c27031 _d27031 |
||